Direccion de Atencion Primaria de la Salud (Registro nro. 1770)

Detalles MARC
000 -LEADER
fixed length control field 01047nam a2200253 a 4500
003 - CONTROL NUMBER IDENTIFIER
control field OSt
005 - FECHA ULTIMA MODIFICACION
control field 20131008160837.0
008 - FIXED-LENGTH DATA ELEMENTS--GENERAL INFORMATION
fixed length control field 131008s2007 ag ||||| |||| 00| 0 spa d
040 ## - CATALOGING SOURCE
Transcribing agency Biblioteca Medicina
041 ## - LANGUAGE CODE
Language code of text/sound track or separate title spa
082 ## - DEWEY DECIMAL CLASSIFICATION NUMBER
Item number MINIST. DE SALUD 0408
100 ## - MAIN ENTRY--PERSONAL NAME
Personal name Ministerio de Salud
9 (RLIN) 2687
245 00 - TITLE STATEMENT
Title Direccion de Atencion Primaria de la Salud
250 ## - EDITION STATEMENT
Edition statement 1º ed
260 ## - PUBLICATION, DISTRIBUTION, ETC. (IMPRINT)
Place of publication, distribution, etc La Plata
Name of publisher, distributor, etc Ministerio de Salud de la Nacion;
-- Direccion de Atencion Primaria de la Salud;
Date of publication, distribution, etc Gobierno de la Provincia de Buenos Aires
300 ## - PHYSICAL DESCRIPTION
Extent 212 p.
653 ## - INDEX TERM--UNCONTROLLED
Uncontrolled term ATENCION PRIMARIA DE LA SALUD
653 ## - INDEX TERM--UNCONTROLLED
Uncontrolled term ATENCION PRIMARIA DE LA SALUD-PROGRAMAS COMUNITARIOS
653 ## - INDEX TERM--UNCONTROLLED
Uncontrolled term ATENCION PRIMARIA DE LA SALUD-PROGRAMAS NACIONALES
653 ## - INDEX TERM--UNCONTROLLED
Uncontrolled term SALUD-PROYECTOS COMUNITARIOS
942 ## - ADDED ENTRY ELEMENTS (KOHA)
Source of classification or shelving scheme Dewey Decimal Classification
Koha item type Hemeroteca
Existencias
Withdrawn status Lost status Fuente de clasificación Damaged status Not for loan Colección Ubicación permanente Ubicación actual Sala de ubicación Fecha de adquisición Total Checkouts Número de clasificación Date last seen Número de ejemplar Price effective from Koha tipo de elemento (item)
    Dewey Decimal Classification     Non-fiction Biblioteca Medicina Biblioteca Medicina Circulación 08/10/2013   MINIST. DE SALUD 0408 06/11/2014 Ej. 1 08/10/2013 Hemeroteca
    Dewey Decimal Classification     Non-fiction Biblioteca Medicina Biblioteca Medicina Circulación 08/10/2013   MINIST. DE SALUD 0408 06/11/2014 Ej. 2 08/10/2013 Hemeroteca

UNIVERSIDAD NACIONAL DEL COMAHUE
Biblioteca de la Facultad de Ciencias Médicas
Sede Toschi: Los Arrayanes y Av. Toschi, Cipolletti  - Rio Negro
Sede Los Tordos:  Yrigoyen al 2211, Cipolletti - Rio Negro 

Teléfono: 0299 - 4774707 int 25
Contacto: biblioteca@facimed.uncoma.edu.ar
© 2011 - 2026